000 00443nam a2200181 a 4500
001 1767004499701
003 YourLibrary
005 20260102153920.0
008 251229s2009##################000#0#eng##
020 _a9781906787288
082 0 4 _a294.385
_bOSH
100 1 _aOsho,
_eauthor.
245 1 0 _aTantra :
260 _bWatkins Publishing,
_c2009.
650 0 _aTantrism.
942 _cENGLISH
040 _aYourLibrary
_beng
_cYourLibrary
999 _c606788
_d606788